00301 am a2200097 a 450000100060000000800410000624501020004726000260014930000110017599900170018659333 | e| ||| 0| ||10aWHO classification of head and neck tumours cAdel K EL-Nagger, John K C Chan, Jennifer R Grandis aGeneve: bIARC,c2017 a 347s. c43102d43102